• 首页
  • 本馆介绍
  • 公告通知
  • 最新文献
  • 馆藏检索
  • 电子资源
  • 读者导购
  • 参考咨询
  • 我的图书馆
  • 登录
  • 详细信息显示
  • 放入我的书架
  • 预约/预借图书
  • 作者相关作品
  • 分类相关作品
  • 丛书相关作品
  • 出版社相关作品

书目信息

  • 表格格式
  • 工作单格式
  • 卡片格式
题名:
最新宝马汽车电路图与维修精要
    
 
作者: 宋晓林 主编 ;东莞市凌凯教学设备有限公司 组织编写
分册:  
出版信息: 北京   化学工业出版社  2014
页数: 218页
开本: 29cm
丛书名:
单 册:
中图分类: U469.110.7
科图分类:
主题词: 轿车--电气设备--电路图 , 轿车--电气设备--车辆修理
电子资源:
ISBN: 978-7-122-21292-4
000 01203nam0 2200265 450
001 012015000129
005 20150911083022.70
010    @a978-7-122-21292-4@dCNY69.00
100    @a20141108d2014 em y0chiy0110 ea
101 0  @achi
102    @aCN@b110000
105    @aa z 000yy
106    @ar
200 1  @a最新宝马汽车电路图与维修精要@Azui xin bao ma qi che dian lu tu yu wei xiu jing yao@f宋晓林主编@g东莞市凌凯教学设备有限公司组织编写
210    @a北京@c化学工业出版社@d2014
215    @a218页@d29cm
300    @a全彩色印刷
330    @a本书精选新款宝马汽车电路资料,车型包括宝马1系(E81、E82、E87、E88)、宝马3系(E90、E91、E92、E93)、宝马5系(E60、E61)、宝马6系(E63、E64)、宝马7系(E65、E66、E68)、宝马X3、宝马X5等。将上述车型的发动机控制系统、自动变速器控制系统、车身控制系统、车身电气系统等电路资料汇集成册,同时加入各车系典型故障案例与技术特点详解。
606 0  @a轿车@x电气设备@x电路图
606 0  @a轿车@x电气设备@x车辆修理
690    @aU469.110.7@v5
701  0 @a宋晓林@Asong xiao lin@4主编
712 02 @a东莞市凌凯教学设备有限公司@Adong guan shi ling kai jiao xue she bei you xian gong si@4组织编写
801  0 @aCN@b碧洲教育@c20150716
905    @a10447@f4@dU469.110.7@e252
    
    最新宝马汽车电路图与维修精要/宋晓林主编/东莞市凌凯教学设备有限公司组织编写.-北京:化学工业出版社,2014
    218页;29cm
    全彩色印刷
    
    ISBN 978-7-122-21292-4:CNY69.00
    本书精选新款宝马汽车电路资料,车型包括宝马1系(E81、E82、E87、E88)、宝马3系(E90、E91、E92、E93)、宝马5系(E60、E61)、宝马6系(E63、E64)、宝马7系(E65、E66、E68)、宝马X3、宝马X5等。将上述车型的发动机控制系统、自动变速器控制系统、车身控制系统、车身电气系统等电路资料汇集成册,同时加入各车系典型故障案例与技术特点详解。
●
相关链接 在E读中查询图书 在五车中查询图书 在当当中查询图书 在豆瓣中查询图书


正题名:最新宝马汽车电路图与维修精要     索取号:U469.110.7/252         预约/预借

序号 登录号 条形码 馆藏地/架位号 状态 备注
1 0870509   208705098   第二样本阅览室/ [索取号:U469.110.7/252] 在馆    
2 0870510   208705105   第三借阅区/ [索取号:U469.110.7/252] 在馆    
3 0870511   208705114   第三借阅区/ [索取号:U469.110.7/252] 在馆    
4 0870512   208705123   密集书库-物理学院/ [索取号:U469.110.7/252] 在馆    
唐山师范学院图书馆 欢迎您!
大连网信软件有限公司© 版权所有